Online
Catalog

Mi experiencia profesional en Cabo Rojo, Pedernales República Dominicana 1968- 1978 / (Record no. 50673)

MARC details
000 -CABECERA
campo de control de longitud fija 00783nam a2200217 a 4500
003 - IDENTIFICADOR DEL NÚMERO DE CONTROL
campo de control DO-SdBNP
005 - FECHA Y HORA DE LA ÚLTIMA TRANSACCIÓN
campo de control 20211004144401.0
007 - CAMPO FIJO DE DESCRIPCIÓN FÍSICA--INFORMACIÓN GENERAL
campo de control de longitud fija ta
008 - DATOS DE LONGITUD FIJA--INFORMACIÓN GENERAL
campo de control de longitud fija 210928e2017 dr abcoe |||| 001 e spa d
020 ## - NÚMERO INTERNACIONAL ESTÁNDAR DEL LIBRO
Número Internacional Estándar del Libro 9789945089837
040 ## - FUENTE DE LA CATALOGACIÓN
Centro catalogador/agencia de origen DO-SdBNP
Lengua de catalogación spa
Centro/agencia transcriptor BNPHU
082 #4 - NÚMERO DE LA CLASIFICACIÓN DECIMAL DEWEY
Número de edición 22
Número de documento/Ítem G993m
100 1# - ENTRADA PRINCIPAL--NOMBRE DE PERSONA
9 (RLIN) 79586
Nombre de persona Guzmán González, Daniel
245 00 - MENCIÓN DE TÍTULO
Título Mi experiencia profesional en Cabo Rojo, Pedernales República Dominicana 1968- 1978 /
Mención de responsabilidad, etc. Daniel Guzmán González; Victor R. García, pról.
260 ## - PUBLICACIÓN, DISTRIBUCIÓN, ETC.
Lugar de publicación, distribución, etc. [Santo Domingo] :
Nombre del editor, distribuidor, etc. Inés Artes Gráficas,
Fecha de publicación, distribución, etc. 2017
300 ## - DESCRIPCIÓN FÍSICA
Extensión 212 p. :
Otras características físicas il., mapas, fotogr., retr. ;
Dimensiones 21 cm.
500 ## - NOTA GENERAL
Nota general Incluye datos biográficos del autor en la cubierta.
590 ## - NOTA LOCAL (RLIN)
Nota local Inventariado 2021 / MF
700 12 - PUNTO DE ACCESO ADICIONAL--NOMBRE DE PERSONA
Nombre de persona García, Victor R.,
Término indicativo de función/relación pról.
9 (RLIN) 80064
942 ## - ELEMENTOS DE PUNTO DE ACCESO ADICIONAL (KOHA)
Fuente del sistema de clasificación o colocación Dewey Decimal Classification
Tipo de ítem Koha Libro
Holdings
Estado de retiro Estado de pérdida Fuente del sistema de clasificación o colocación Restricciones de uso No para préstamo Código de colección Localización permanente Ubicación/localización actual Ubicación en estantería Fecha de adquisición Fuente de adquisición Total de préstamos Signatura topográfica completa Código de barras Fecha visto por última vez Precio válido a partir de Tipo de ítem Koha Número de copia Nota pública
    Dewey Decimal Classification Préstamo en sala   Dominicana de Servicio Biblioteca Nacional Pedro Henríquez Ureña General Depósito 21.11.2017 Depósito legal   G993m 2021-27088 28.09.2021 28.09.2021 Libro y Folleto Colección Dominicana de Servicio e.3 Ejemplar autografiado
    Dewey Decimal Classification Excluido de préstamo   Patrimonio Dominicano Biblioteca Nacional Pedro Henríquez Ureña Patrimonio Dominicano Depósito 21.11.2017 Depósito legal   G993m 2021-27083 28.09.2021 28.09.2021 Libro y Folleto Colección Patrimonio Dominicano    
    Dewey Decimal Classification Excluido de préstamo   Patrimonio Dominicano Biblioteca Nacional Pedro Henríquez Ureña Patrimonio Dominicano Depósito 21.11.2017 Depósito legal   G993m 2021-27084 28.09.2021 28.09.2021 Libro y Folleto Colección Patrimonio Dominicano e.2  

Powered by Koha